|
|
|
|
| LEADER |
01655nam a22003854a 4500 |
| 001 |
41509 |
| 003 |
BD-DhAAL |
| 005 |
20230720122416.0 |
| 008 |
090721s2009 bg ab bl 000 0 eng |
| 010 |
|
|
|a 2009346313
|
| 020 |
|
|
|a 9847006800064
|
| 025 |
|
|
|a B-E-2009-346313; 22
|
| 037 |
|
|
|b Library of Congress -- New Delhi Overseas Office
|c Tk500.00 ($15.00 U.S.)
|
| 040 |
|
|
|a DLC
|c DLC
|d DLC
|d BD-DhAAL
|
| 042 |
|
|
|a lcode
|
| 043 |
|
|
|a a-bg---
|
| 050 |
0 |
0 |
|a HD8039.T182
|b B367 2009
|
| 082 |
|
|
|a 338.47095492
|2 23
|
| 245 |
0 |
4 |
|a The story of tea workers in Bangladesh /
|c edited by Philip Gain ; editorial and research assistants, Khadiza Khanam ... [et al.].
|
| 260 |
|
|
|a Dhaka :
|b Society for Environment and Human Development,
|c 2009.
|
| 300 |
|
|
|a xv, 302 pages :
|b illustrations, 1 map ;
|c 23 cm.
|
| 504 |
|
|
|a Includes bibliographical references.
|
| 526 |
|
|
|a GenEd
|
| 541 |
|
|
|a Development Book Agency
|e 41509
|
| 650 |
|
0 |
|a Tea plantation workers
|z Bangladesh
|x Social conditions.
|9 14832
|
| 650 |
|
0 |
|a Tea plantation workers
|z Bangladesh
|x Economic conditions.
|9 14831
|
| 650 |
|
0 |
|a Tea plantations
|z Bangladesh
|x Social conditions.
|9 55150
|
| 650 |
|
0 |
|a Tea plantations
|z Bangladesh
|x Economic conditions.
|9 55151
|
| 700 |
1 |
|
|a Gain, Philip.
|
| 700 |
1 |
|
|a Khanam, Khadiza.
|9 55152
|
| 710 |
2 |
|
|a Society for Environment and Human Development (Dhaka, Bangladesh)
|
| 852 |
|
|
|a Ayesha Abed Library
|c General Stacks
|
| 942 |
|
|
|2 ddc
|c BK
|
| 999 |
|
|
|c 44705
|d 44705
|
| 952 |
|
|
|0 0
|1 0
|2 ddc
|4 0
|6 338_470954920000000_STO
|7 0
|9 73938
|a SCL
|b SCL
|c GEN
|d 2023-07-12
|e Development Book Agency
|g 450.00
|l 0
|o 338.47095492 STO
|p 3020041509
|r 2023-07-12
|t 1
|v 450.00
|w 2023-07-12
|y BK
|